000 00927nam a2200265 i 4500
001 bg
245 1 0 _aRolnictwo polskie i ochrona jakości wody /
_cred. nauk. Barbara Sapek.
260 _aFalenty :
_bWydaw.IMUZ,
_c2000.
300 _a131 s. :
_brys., wykr. ;
_c24 cm.
490 1 _aZeszyty Edukacyjne,
_x1428-3786 ;
_v6/2000
500 _aStreszcz. pol., ang. przy art.
504 _aBibliogr. przy art.
650 9 _aRolnictwo a środowisko człowieka
_zPolska
_yod 1989 r.
650 9 _aWoda
_xochrona
_zPolska
_yod 1989 r.
700 1 _aSAPEK, Barbara.
_eRed.
830 _aZeszyty Edukacyjne,
_x1428-3786 ;
020 _a838573595X
040 _cBPK
041 0 _apl
_ben
080 _a504.054:631.95](438)"1989/..."
920 _a83-85735-95-X
942 _cKS
008 s pl f |000 0 pol
999 _c40494
_d40494
856 _uhttp://koha.tu.koszalin.pl/cgi-bin/koha/opac-detail.pl?biblionumber=40494
_yKatalog online BPK